02319cam a22004094i 4500003000900000005001700009008004100026035002000067040003300087100004500120245023200165264001000397300002100407336002100428337002500449338002300474502005900497504002400556520106500580526001001645526001001655526000901665526000901674526000901683526000901692526000901701526000901710526000901719526000801728526000801736526000801744526000801752526000801760650004701768650004401815700005001859PE-LiUPU20250731165413.0151109s2014 pe grm 000 0 spa d a(Sirsi) a155121 aPE-LiUPUbspacPE-LiUPUerda1 aHanccoccallo Pacco, Mery Eulalia,eautor1 aNivel de conocimientos, actitudes y prácticas sobre prevención de anemia ferropénica en niños menores de 5 años de las madres que acuden al Centro de Salud "Miguel Grau", Lima, 2014 /cMery Eulalia Hanccoccallo Pacco. 0c2015. a83 hojas c30 cm atext2rdacontent aunmediated2rdamedia avolume2rdacarrier aTesisb(Lic.) -- cUniversidad Peruana Unión,d2014. aIncluye referencias3 aEl presente estudio de investigación tuvo como objetivo "Determinar el nivel de conocimientos, actitudes y prácticas sobre prevención de anemia en niños menores de 5 años de las madres que acuden al Centro de Salud "Miguel Grau", Lima, 2014. Método cuantitativo de tipo: descriptivo, exploratorio, no experimental, de corte transversal. La técnica fue la encuesta y el instrumento el cuestionario, en un Centro de Salud con una muestra aleatoria probabilística formada por 97 ampliada a criterio del investigador a 100. Todas las madres con hijos menores de 5 años. Resultados: Conocimientos, actitudes y prácticas. Los resultados evidencian que las madres pueden tener conocimientos de anemia ferropénica, mantienen una actitud buena y excelente, sin embargo, permanecen con sus prácticas riesgosas. Todas ellas acuden al Centro de Salud "Miguel Grau". Conclusión: las madres del Centro de Salud Miguel Grau tienen un nivel de conocimientos bueno a excelente, tienen actitudes excelentes, sin embargo, realizan prácticas riesgosas. aSEG44 aSEG26 aP151 aP150 aP149 aP146 aP145 aP126 aP125 aP92 aP75 aP74 aP27 aP1504aAnemia ferropénicaxPrevenciónvTesis.04aAnemia en niñosxPrevenciónvTesis.1 aPeña Mondragón, Wislith Elizabeth,eautor